01009nam a22001337a 4500008004100000020001500041050001300056245008900069260006400158300001700222505059600239700002100835700001900856150428b xxu||||| |||| 00| 0 eng d a9990996547 aJN30.S74 aThe State of the European Union 1994. /cedited by Peter G. Xuereb and Roderick Pace aMalta:bEuropean documentation and research centre,cc1994. a241p.c24cm. aContents: Institution of the European Union -- An Introduction to the legal order of the European Union -- The Economics of the European integration: the four freedoms -- The Evolution of EU-Malta relations: economic and political aspects -- An Overview of EU competition rules and comments on the Maltese competition bill -- EU competition policy and recent developments -- EU and Maltese company law -- European financial services law -- Monetary movements in the European Union -- The Maltese banking system and membership of the European union -- Economic convergence and monetary union. aXuereb, Peter G. aPace, Roderick